| Tag |
First Indicator |
Second Indicator |
Subfields |
| LEADER |
00000cam a2200000 i 4500 |
| 001 |
in00001827607 |
| 005 |
20151026053306.0 |
| 008 |
040401b1911 ilua f000 0 eng |
| 040 |
|
|
|d UtOrBLW
|
| 086 |
0 |
|
|a A 5.4:81
|
| 100 |
1 |
|
|a McAtee, W.L.
|
| 245 |
1 |
0 |
|a Three important wild duck foods /
|c W.L. McAtee.
|
| 264 |
|
1 |
|a [Place of publication not identified] :
|b [publisher not identified] ;
|c 1911.
|
| 300 |
|
|
|a 19 pages
|
| 336 |
|
|
|a text
|b txt
|2 rdacontent
|
| 337 |
|
|
|a unmediated
|b n
|2 rdamedia
|
| 338 |
|
|
|a volume
|b nc
|2 rdacarrier
|
| 500 |
|
|
|a Bureau of Biological Survey-Circular Number81.
|
| 710 |
1 |
|
|a United States.
|b Department of Agriculture.
|
| 945 |
|
|
|a cataloged
|k rvaughan
|c 2004/4/1
|
| 999 |
|
|
|a MARS
|
| 999 |
f |
f |
|s 59b4f15f-4183-3d7c-b228-e589d7638838
|i 2d81d1a7-bc09-3849-86d8-72509a08452f
|t 0
|
| 952 |
f |
f |
|p normal
|a Texas A&M University
|b College Station
|c Sterling C. Evans Library
|d Evans: US Documents (Annex 5th floor)
|t 0
|e A 5.4:2-
|h Superintendent of Documents classification
|i unmediated -- volume
|m A14831019429
|
| 952 |
f |
f |
|a Texas A&M University
|b College Station
|c Sterling C. Evans Library
|d Evans: US Documents (Annex 5th floor)
|t 0
|e A 5.4:2-
|h Superintendent of Documents classification
|
| 998 |
f |
f |
|a A 5.4:2-
|s 2,5-8,10-12,17,28-47,50-94
|t 0
|l Evans: US Documents (Annex 5th floor)
|